| 000 | nam a22 7a 4500 | ||
|---|---|---|---|
| 999 |
_c21497 _d21497 |
||
| 008 | 170121b xxu||||| |||| 00| 0 eng d | ||
| 050 |
_aNC1429 _b.A254 1964 |
||
| 100 | _aAddams,Charles | ||
| 245 |
_aThe groaning board/ _cCharles Addams |
||
| 260 |
_aNew York : _bSimon and Schuster, _cc1964 |
||
| 300 |
_a88p. : _bill. ; _c29cm. |
||
| 942 |
_2lcc _cBOOKS _hNC1429 .A254 1964 |
||